A művészi kreativitás konstruktív és destruktív jellegéről a modernitásban

Elmentve itt :
Bibliográfiai részletek
Szerző: Máté Zsuzsanna
Dokumentumtípus: Könyv része
Megjelent: SZTE JGYPK Művészeti Intézet Ének-zene Tanszék Szeged 2019
Sorozat:A Juhász Gyula Pedagógusképző Kar Ének-Zene Tanszékének kiadványai
Zenepedagógia határok nélkül : tanulmánykötet
Nemzetközi Zenei Konferencia
Kulcsszavak:Művészeti nevelés, Kreativitás
Tárgyszavak:
Online Access:http://acta.bibl.u-szeged.hu/76646
LEADER 01103naa a2200253 i 4500
001 acta76646
005 20260313084538.0
008 221014s2019 hu o 100 hun d
020 |a 978 963 315 392 5 
040 |a SZTE Egyetemi Kiadványok Repozitórium  |b hun 
041 |a hun 
100 1 |a Máté Zsuzsanna 
245 1 2 |a A művészi kreativitás konstruktív és destruktív jellegéről a modernitásban  |h [elektronikus dokumentum] /  |c  Máté Zsuzsanna 
260 |a SZTE JGYPK Művészeti Intézet Ének-zene Tanszék  |b Szeged  |c 2019 
300 |a 89-98 
490 0 |a A Juhász Gyula Pedagógusképző Kar Ének-Zene Tanszékének kiadványai 
490 0 |a Zenepedagógia határok nélkül : tanulmánykötet 
490 0 |a Nemzetközi Zenei Konferencia 
650 4 |a Társadalomtudományok 
650 4 |a Oktatástudomány 
650 4 |a Bölcsészettudományok 
650 4 |a Művészetek (művészetek, művészettörténet, előadóművészetek, zene) 
695 |a Művészeti nevelés, Kreativitás 
856 4 0 |u http://acta.bibl.u-szeged.hu/76646/1/enek_zene_tanszek_2019_089-098.pdf  |z Dokumentum-elérés